Pays d'Afrique sur une carte topologique - Statistiques

Statistiques générales
  • Ce quiz a été pris 13 252 fois
  • Le résultat moyen est 20 sur 48
Réponses sur la Carte
Les réponses sont colorées sur une échelle allant du rouge au vert en fonction du pourcentage des utilisateurs qui les ont devinées à leur premier essai. Vous pouvez retrouver ces pourcentages ci-dessous.
 
Statistiques - réponses
Réponse % Correct
Égypte
76%
Algérie
65%
Maroc
62%
Tunisie
62%
Afrique du Sud
61%
Libye
58%
Lesotho
54%
Eswatini
51%
Mauritanie
50%
Soudan
47%
Mozambique
45%
Sénégal
45%
Angola
44%
Mali
44%
Namibie
44%
République Démocratique du Congo
44%
Rwanda
44%
Burundi
43%
Gambie
42%
Somalie
42%
Tanzanie
42%
Kenya
41%
Malawi
41%
Djibouti
40%
Botswana
39%
Ouganda
39%
Éthiopie
38%
Zambie
38%
Érythrée
37%
Soudan du Sud
37%
Tchad
36%
Zimbabwe
36%
Liberia
35%
Niger
35%
Cameroun
34%
République du Congo
34%
Guinée
33%
Guinée-Bissau
33%
Burkina Faso
32%
Côte d'Ivoire
32%
Gabon
32%
Nigeria
32%
République Centrafricaine
32%
Sierra Leone
32%
Togo
31%
Ghana
29%
Guinée Équatoriale
29%
Bénin
28%
Aucun quiz correspondant
Distribution des résultats
% des personnes avec chaque résultat
Percentile par nombre de réponses
Votre historique - résultats
Vous n’avez pas pris ce quiz